000 00411nam a2200169Ia 4500
008 230524s9999 xx 000 0 und d
020 _a8122400086
082 _a621.38804
_bGUL
100 _aR.R.Gulati
245 0 _aMonochrome and Colour Television Rev.
250 _a2ND
260 _aNEW DELHI
_bNAI
_c2009
300 _axix;688
500 _aQuantity Number: 2
650 _aElectronics
942 _cBK
999 _c48675
_d48675